Name these random people - Statistics

General Stats
  • This quiz has been taken 12 times
  • The average score is 7 of 20
Answer Stats
Picture Answer % Correct
Bill Dargen
75%
Ghazi Baba
75%
Agatha Christie
50%
Al-Aminul Karim Sultan Sallehuddin ibni Almarhum Sultan Badlishah
50%
David Squires
50%
Florent Obama
50%
Jack Sock
50%
James Marape
50%
Alexander Scriabin
25%
Alma Mahler
25%
Arnab Goswani
25%
Frank Huang
25%
Gotse Delchev
25%
Havergal Brian
25%
John Jay
25%
Julius Maada Bio
25%
Leo Baekeland
25%
Ralph Vaughan Williams
25%
Robert W. Smith
25%
Bernd Freier
0%
No matching quizzes found
Score Distribution
Percent of People with Each Score
Percentile by Number Answered
Your Score History
You have not taken this quiz